| 000 | 00939nam a22002537a 4500 | ||
|---|---|---|---|
| 001 | 79483 | ||
| 003 | BD-RjUL | ||
| 005 | 20220616123820.0 | ||
| 008 | 220303s2003 bg a|||| m||| 00| 0 eng d | ||
| 035 | _a(BD-RjUL)79483 | ||
| 040 |
_aBD-RjUL _beng _cBD-RjUL _dBD-RjUL |
||
| 041 | _aeng | ||
| 082 |
_223 _a331.4095492 _bBEE 2003 |
||
| 100 |
_aBegum, Dilara _91661 |
||
| 245 | 1 | 0 |
_aAn evaluation of women's work in Bangladesh / _cBy Dilara. Begum ; _6Supervisor: Tariq Saiful Islam |
| 260 |
_aRajshahi : _bDepartment of Economics, University of Rajshahi, _c2003 |
||
| 300 |
_axiv, 161 leaves : _bill, ; _c29.cm. |
||
| 502 | _aThesis (Ph. D.) -- Department of Economics, University of Rajshahi, 2003 | ||
| 504 | _aBibliography : Leaves [154] - 161 | ||
| 650 |
_aWomen _xEmployment _zBangladesh. _93658 |
||
| 650 |
_aWomen _xEconomic conditions _x21st century. _93659 |
||
| 700 |
_aIslam, Tariq Saiful, Supervisor _91664 |
||
| 942 |
_2ddc _cTHE |
||
| 999 |
_c79483 _d79483 |
||